000 00496nam a2200181Ia 4500
003 GCL
008 140319s9999 xx 000 0 ara d
040 _aGCL /
_cGCL
082 0 4 _a928.59
_bح ت
100 1 _aحسن عون
245 1 0 _aتيبول: حياته وشعره /
_cحسن عون
300 _a174 ص
490 _aمن الادب اللاتينى
_v0
650 0 4 _aالشعراء - تراجم
650 0 4 _aتيبول
650 0 4 _aالادباء الرومان
942 _2ddc
_cBK
999 _c47338
_d47338